Plastics derived from natural rubber (Record no. 43791)
[ view plain ]
| 000 -LEADER | |
|---|---|
| fixed length control field | 00305nam a2200121Ia 4500 |
| 082 ## - DEWEY DECIMAL CLASSIFICATION NUMBER | |
| Classification number | 678.5:678.4 |
| Item number | DAV |
| 100 ## - MAIN ENTRY--AUTHOR NAME | |
| Personal name | Davies, B L |
| 245 #0 - TITLE STATEMENT | |
| Title | Plastics derived from natural rubber |
| 490 ## - SERIES STATEMENT | |
| Series statement | Plastics monograph 8 |
| 700 ## - ADDED ENTRY--PERSONAL NAME | |
| Personal name | Glazer, J |
| 942 ## - ADDED ENTRY ELEMENTS (KOHA) | |
| Koha item type | Books |
| Withdrawn status | Lost status | Damaged status | Not for loan | Home library | Current library | Date acquired | Source of acquisition | Full call number | Accession Number | Koha item type |
|---|---|---|---|---|---|---|---|---|---|---|
| RRII Library | RRII Library | 16/12/2021 | Gift | 678.5:678.4 DAV | G00543 | Books |